Premier League players 2020/21 - Statistics

General Stats
  • This quiz has been taken 18 times
  • The average score is 208 of 524
Answer Stats
Rank Player Positions Nationality Matches Goals Assists Clubs % Correct
1 Aaron Ramsdale GK 38 0 0
100%
189 Tyler Roberts MF, FW 27 1 2
100%
2 Andrew Robertson DF, MF 38 1 7
92%
50 Bernd Leno GK 35 0 0
92%
18 Bruno Fernandes MF, FW 37 18 12
92%
36 Ederson GK 36 0 1
92%
4 Emiliano Martínez GK 38 0 0
92%
5 Georginio Wijnaldum MF 38 2 0
92%
53 Harry Kane FW 35 23 14
92%
65 Harry Maguire DF 34 2 1
92%
6 Hugo Lloris GK 38 0 0
92%
8 Jarrod Bowen MF, FW 38 8 5
92%
20 John McGinn MF, FW 37 3 5
92%
9 Kasper Schmeichel GK 38 0 0
92%
22 Mohamed Salah FW 37 22 5
92%
23 Ollie Watkins FW 37 14 5
92%
12 Patrick Bamford MF, FW 38 17 7
92%
45 Roberto Firmino MF, FW 36 9 7
92%
101 Rúben Dias DF 32 1 0
92%
46 Rúben Neves MF 36 5 1
92%
59 Sadio Mané MF, FW 35 11 7
92%
47 Trent Alexander-Arnold DF 36 2 7
92%
17 Adama Traoré DF, MF, FW 37 2 2
83%
103 Alexandre Lacazette FW 31 13 2
83%
74 Alisson GK 33 1 0
83%
29 Alphonse Areola GK 36 0 0
83%
248 Ashley Barnes MF, FW 22 3 0
83%
354 Benjamin Mendy DF, FW 13 2 1
83%
191 Bernardo Silva MF, FW 26 2 6
83%
32 Bertrand Traoré MF, FW 36 7 6
83%
192 Callum Wilson FW 26 12 5
83%
33 Che Adams FW 36 9 5
83%
76 Chris Wood FW 33 12 3
83%
331 Daniel James MF, FW 15 3 1
83%
357 Dean Henderson GK 13 0 0
83%
77 Dominic Calvert-Lewin FW 33 16 0
83%
106 Edouard Mendy GK 31 0 0
83%
130 Fabinho DF, MF 30 0 0
83%
95 Fábio Silva MF, FW 32 4 3
83%
107 Granit Xhaka DF, MF 31 1 2
83%
210 Harvey Barnes MF, FW 25 9 4
83%
54 Illan Meslier GK 35 0 0
83%
42 James Tarkowski DF 36 1 0
83%
66 Jamie Vardy FW 34 15 9
83%
165 Jonny Evans DF 28 2 2
83%
266 Jordan Henderson MF 21 1 1
83%
115 Jordan Pickford GK 31 0 0
83%
178 Kai Havertz MF, FW 27 4 3
83%
55 Leandro Trossard MF, FW 35 5 5
83%
56 Łukasz Fabiański GK 35 0 0
83%
97 Luke Shaw DF, MF 32 1 5
83%
21 Marcus Rashford MF, FW 37 11 9
83%
85 Matheus Pereira MF, FW 33 11 6
83%
200 Michail Antonio MF, FW 26 10 5
83%
68 Miguel Almirón MF, FW 34 4 1
83%
244 Nampalys Mendy MF 23 0 1
83%
98 Nick Pope GK 32 0 0
83%
70 Pascal Groß DF, MF, FW 34 3 8
83%
171 Phil Foden MF, FW 28 9 5
83%
151 Pierre-Emerick Aubameyang FW 29 10 3
83%
100 Reece James DF, MF 32 1 2
83%
339 Ricardo Pereira DF, FW 15 0 1
83%
71 Richarlison MF, FW 34 7 3
83%
72 Rodri MF 34 2 2
83%
24 Rui Patrício GK 37 0 0
83%
26 Son Heung-min MF, FW 37 17 10
83%
246 Thiago Silva DF 23 2 0
83%
60 Timo Werner MF, FW 35 6 8
83%
15 Tomáš Souček MF 38 10 1
83%
48 Tyrone Mings DF 36 2 2
83%
153 Victor Lindelöf DF 29 1 1
83%
73 Vladimír Coufal DF 34 0 7
83%
142 Wilfried Zaha MF, FW 30 11 2
83%
16 Youri Tielemans MF, FW 38 6 4
83%
93 Bukayo Saka DF, MF, FW 32 5 3
75%
127 Christian Benteke FW 30 10 1
75%
194 David de Gea GK 26 0 0
75%
276 David Luiz DF, MF 20 1 0
75%
296 Davinson Sánchez DF 18 0 0
75%
285 Diogo Jota MF, FW 19 9 0
75%
78 Douglas Luiz MF 33 0 2
75%
160 Eric Dier DF, MF 28 0 0
75%
37 Ezgjan Alioski DF, MF 36 2 3
75%
38 Ezri Konsa DF 36 2 0
75%
131 Fred MF 30 1 0
75%
147 Gabriel Jesus FW 29 9 4
75%
39 Gylfi Sigurðsson MF, FW 36 6 5
75%
7 James Ward-Prowse DF, MF 38 8 7
75%
43 Jan Bednarek DF 36 1 1
75%
111 Joachim Andersen DF 31 1 1
75%
80 João Moutinho MF 33 1 1
75%
199 Joel Ward DF, MF 26 0 1
75%
81 Jordan Ayew MF, FW 33 1 3
75%
179 Kieran Tierney DF, MF 27 1 3
75%
83 Leander Dendoncker DF, MF 33 1 0
75%
84 Lewis Dunk DF 33 5 0
75%
44 Mason Mount MF, FW 36 6 5
75%
170 Matty Cash DF 28 0 2
75%
87 Neal Maupay MF, FW 33 8 2
75%
138 N'Golo Kanté MF 30 0 2
75%
150 Nicolas Pépé MF, FW 29 10 1
75%
121 Raheem Sterling MF, FW 31 10 7
75%
184 Riyad Mahrez MF, FW 27 9 6
75%
185 Robert Sánchez GK 27 0 0
75%
140 Rob Holding DF 30 0 1
75%
102 Scott McTominay MF, FW 32 4 1
75%
90 Stuart Armstrong MF, FW 33 4 5
75%
49 Yves Bissouma MF 36 1 0
75%
222 Allan MF 24 0 0
67%
154 André Gomes MF, FW 28 0 1
67%
155 Angelo Ogbonna DF 28 3 0
67%
247 Anthony Martial MF, FW 22 4 3
67%
156 Antonee Robinson DF 28 0 0
67%
75 Bobby Reid DF, MF, FW 33 5 2
67%
158 Callum Robinson MF, FW 28 5 0
67%
175 Christian Pulisic DF, MF, FW 27 4 2
67%
195 Edinson Cavani FW 26 10 3
67%
346 Gabriel Martinelli MF, FW 14 2 1
67%
161 İlkay Gündoğan MF 28 13 2
67%
377 Jack Robinson DF 11 0 1
67%
324 Jesse Lingard MF, FW 16 9 4
67%
162 João Cancelo DF, MF 28 2 3
67%
415 Joe Gomez DF 7 0 0
67%
112 Joelinton MF, FW 31 4 2
67%
163 Joël Veltman DF 28 1 1
67%
166 Jorginho MF 28 7 1
67%
214 Kevin De Bruyne MF, FW 25 6 12
67%
232 Kyle Walker DF, MF 24 1 1
67%
137 Lucas Moura MF, FW 30 3 4
67%
167 Mario Lemina MF 28 1 0
67%
57 Mateusz Klich MF 35 4 5
67%
216 Moussa Sissoko MF, FW 25 0 0
67%
88 Pablo Fornals MF, FW 33 5 4
67%
13 Pierre Højbjerg MF 38 2 4
67%
139 Raphinha MF, FW 30 6 9
67%
25 Sam Johnstone GK 37 0 1
67%
218 Séamus Coleman DF, MF 25 0 3
67%
271 Solly March DF, MF, FW 21 2 1
67%
91 Tanguy Ndombele MF 33 3 2
67%
384 Tariq Lamptey DF, MF, FW 11 1 1
67%
27 Vicente Guaita GK 37 0 0
67%
143 Abdoulaye Doucouré MF, FW 29 2 3
58%
144 Adam Webster DF 29 1 0
58%
173 Aleksandar Mitrović FW 27 3 3
58%
125 Alex McCarthy GK 30 0 0
58%
30 Andre-Frank Zambo Anguissa MF 36 0 3
58%
206 Ayoze Pérez MF, FW 25 2 1
58%
275 Ben Davies DF, MF 20 0 1
58%
126 Ben Mee DF 30 2 0
58%
250 Craig Dawson DF 22 3 0
58%
224 Curtis Jones MF 24 1 2
58%
64 Eberechi Eze MF, FW 34 4 6
58%
227 Federico Fernández DF 24 0 0
58%
335 Harry Winks MF 15 0 0
58%
196 Jack Grealish MF, FW 26 6 10
58%
109 James Maddison MF, FW 31 8 5
58%
322 James McCarthy MF 16 0 0
58%
198 James Milner DF, MF 26 0 1
58%
242 James Rodríguez MF, FW 23 6 4
58%
110 Jay Rodriguez MF, FW 31 1 2
58%
177 Jeffrey Schlupp DF, MF, FW 27 2 3
58%
148 Kalvin Phillips MF 29 1 2
58%
213 Kelechi Iheanacho MF, FW 25 12 2
58%
116 Luka Milivojević MF 31 1 1
58%
10 Luke Ayling DF 38 0 0
58%
180 Mateo Kovačić MF 27 0 1
58%
86 Matt Phillips DF, MF, FW 33 2 1
58%
243 Mohamed Elneny MF 23 1 0
58%
314 Nathaniel Phillips DF 17 1 1
58%
182 Pascal Struijk DF, MF 27 1 0
58%
202 Rodrigo MF, FW 26 7 2
58%
186 Romain Saïss DF, MF 27 3 0
58%
14 Stuart Dallas DF, MF 38 8 2
58%
234 Thomas Partey DF, MF 24 0 2
58%
188 Timothy Castagne DF 27 2 3
58%
420 Tim Ream DF 7 0 0
58%
220 Tom Davies MF 25 0 1
58%
204 Wilfred Ndidi DF, MF 26 1 4
58%
235 Yerry Mina DF 24 2 0
58%
28 Aaron Cresswell DF, MF 36 0 8
50%
61 Aaron Wan-Bissaka DF 34 2 4
50%
123 Adam Lallana MF, FW 30 1 1
50%
124 Alex Iwobi DF, MF, FW 30 1 2
50%
448 Anthony Gordon MF, FW 3 0 0
50%
157 Anwar El Ghazi MF, FW 28 10 0
50%
31 Ben White DF, MF 36 0 0
50%
367 Bernard MF, FW 12 1 0
50%
236 Çağlar Söyüncü DF 23 1 0
50%
193 César Azpilicueta DF, MF 26 1 2
50%
34 Cheikhou Kouyaté DF, MF 36 1 0
50%
19 Conor Coady DF 37 1 0
50%
412 Dale Stephens MF 7 0 0
50%
176 Dan Burn DF 27 1 0
50%
146 Danny Ings FW 29 12 4
50%
240 Hakim Ziyech MF, FW 23 2 3
50%
108 Harrison Reed MF 31 0 2
50%
321 Jack Cork DF, MF 16 0 0
50%
41 Jack Harrison MF, FW 36 8 8
50%
301 Jack Stephens DF 18 0 0
50%
82 Josh Brownhill MF 33 0 1
50%
337 Keinan Davis MF, FW 15 1 1
50%
410 Kevin Long DF 8 0 0
50%
473 Leif Davis DF 2 0 0
50%
136 Lucas Digne DF, MF 30 0 7
50%
312 Manuel Lanzini MF, FW 17 1 1
50%
268 Mark Noble MF 21 0 0
50%
349 Martin Ødegaard MF, FW 14 1 2
50%
313 Matt Doherty DF, MF 17 0 2
50%
11 Matt Targett DF, MF 38 0 2
50%
305 Max Kilman DF 18 0 1
50%
58 Michael Keane DF 35 3 1
50%
477 Moise Kean FW 2 0 0
50%
283 Oleksandr Zinchenko DF 20 0 0
50%
315 Olivier Giroud FW 17 4 0
50%
258 Patrick van Aanholt DF 22 0 1
50%
120 Pedro Neto MF, FW 31 5 6
50%
308 Ryan Fraser DF, MF, FW 18 0 2
50%
141 Saïd Benrahma MF, FW 30 1 6
50%
383 Shane Long FW 11 0 0
50%
260 Tammy Abraham FW 22 6 1
50%
219 Toby Alderweireld DF 25 1 0
50%
205 Allan Saint-Maximin MF, FW 25 3 4
42%
330 Andriy Yarmolenko MF, FW 15 0 1
42%
284 Antonio Rüdiger DF 19 1 0
42%
344 Ben Johnson DF, FW 14 1 0
42%
145 Charlie Taylor DF 29 0 1
42%
249 Ciaran Clark DF, MF 22 1 0
42%
94 Declan Rice DF, MF 32 2 1
42%
286 Donny van de Beek MF, FW 19 1 1
42%
277 Emile Smith Rowe MF, FW 20 2 4
42%
228 Ferrán Torres MF, FW 24 7 2
42%
408 Fraser Forster GK 8 0 0
42%
239 Gabriel Magalhães DF 23 2 0
42%
96 George Baldock DF 32 0 2
42%
299 Giovani Lo Celso MF, FW 18 1 1
42%
251 Hélder Costa MF, FW 22 3 3
42%
300 Issa Diop DF 18 2 0
42%
253 Jacob Ramsey MF, FW 22 0 0
42%
241 James Justin DF, MF 23 2 1
42%
265 Joe Willock MF, FW 21 8 0
42%
256 John Stones DF, MF 22 4 0
42%
133 Jonjo Shelvey MF 30 1 3
42%
505 Kayne Ramsey DF 1 0 0
42%
117 Marc Albrighton DF, MF, FW 31 1 5
42%
431 Matthew Longstaff MF 5 0 0
42%
510 Neil Taylor DF, MF 1 0 0
42%
69 Nélson Semedo DF, MF 34 1 1
42%
282 Nemanja Matić MF 20 0 0
42%
119 Ola Aina DF 31 2 1
42%
245 Oliver McBurnie MF, FW 23 1 0
42%
201 Paul Pogba MF, FW 26 3 3
42%
270 Rayan Aït-Nouri DF, MF 21 1 1
42%
203 Ross Barkley MF 26 3 1
42%
122 Ruben Loftus-Cheek DF, MF, FW 31 1 0
42%
259 Sean Longstaff MF 22 0 1
42%
374 Sergio Agüero FW 12 4 1
42%
233 Thiago Alcántara MF 24 1 0
42%
273 Trézéguet MF, FW 21 2 1
42%
172 Wesley Fofana DF 28 0 0
42%
62 Ademola Lookman MF, FW 34 4 4
33%
262 Alexis Mac Allister MF, FW 21 1 1
33%
447 Amad Diallo MF, FW 3 0 1
33%
318 Aymeric Laporte DF 16 0 0
33%
174 Ben Chilwell DF, MF 27 3 5
33%
435 Brandon Williams DF 4 0 0
33%
385 Calum Chambers DF, MF 10 0 2
33%
225 Daniel Podence MF, FW 24 3 2
33%
159 Dara O'Shea DF 28 0 0
33%
332 Dele Alli MF, FW 15 0 1
33%
320 Emil Krafth DF 16 1 0
33%
238 Érik Lamela MF, FW 23 1 0
33%
298 Fabian Schär DF, MF 18 1 0
33%
279 Gareth Bale MF, FW 20 11 2
33%
211 Héctor Bellerín DF, MF 25 1 2
33%
252 Ibrahima Diallo MF 22 0 0
33%
79 Jaïro Riedewald DF, MF 33 2 0
33%
288 Jamaal Lascelles DF 19 2 0
33%
230 Jamal Lewis DF 24 0 1
33%
132 Jannik Vestergaard DF 30 3 0
33%
323 Jayden Bogle DF, MF 16 2 0
33%
379 Joshua King MF, FW 11 0 0
33%
212 Karl Darlow GK 25 0 0
33%
231 Kurt Zouma DF 24 5 0
33%
135 Kyle Walker-Peters DF 30 0 2
33%
215 Liam Cooper DF 25 1 0
33%
362 Marcos Alonso DF, MF 13 2 0
33%
363 Martin Dúbravka GK 13 0 0
33%
169 Matěj Vydra MF, FW 28 3 2
33%
67 Matthew Lowton DF 34 1 1
33%
391 Nathan Aké DF, MF 10 1 0
33%
425 Neco Williams DF 6 0 0
33%
394 Raúl Jiménez FW 10 4 0
33%
480 Reiss Nelson MF, FW 2 0 0
33%
406 Rhys Williams DF 9 0 0
33%
316 Robin Koch DF, MF 17 0 0
33%
340 Sander Berge MF 15 1 1
33%
187 Sergio Reguilón DF, MF 27 0 3
33%
272 Steven Bergwijn MF, FW 21 1 3
33%
292 Takumi Minamino MF, FW 19 3 0
33%
395 Tom Cairney MF, FW 10 1 1
33%
433 Virgil van Dijk DF 5 1 0
33%
221 Willian MF, FW 25 1 5
33%
274 Willy Boly DF 21 1 1
33%
352 Xherdan Shaqiri MF, FW 14 0 2
33%
375 Aboubakar Kamara MF, FW #N/B 11 0 0
25%
190 Ainsley Maitland-Niles DF, MF 26 0 0
25%
310 Andreas Christensen DF 17 0 0
25%
366 Arthur Masuaku DF, MF, FW 12 0 2
25%
237 Callum Hudson-Odoi DF, MF, FW 23 2 3
25%
399 Carlos Vinícius FW 9 1 0
25%
128 Conor Gallagher MF 30 2 2
25%
208 Dani Ceballos MF 25 0 3
25%
226 Danny Welbeck MF, FW 24 6 1
25%
52 David McGoldrick MF, FW 35 8 1
25%
334 Diego Llorente DF 15 1 0
25%
35 Dwight McNeil MF, FW 36 2 5
25%
311 Eddie Nketiah FW 17 2 1
25%
492 Elliot Anderson MF, FW 1 0 0
25%
467 Emerson Palmieri DF 2 0 0
25%
129 Enda Stevens DF 30 0 1
25%
369 Eric Bailly DF 12 0 0
25%
345 Fabián Balbuena DF 14 1 0
25%
468 Felipe Anderson MF, FW 2 0 0
25%
264 Fernandinho DF, MF 21 0 2
25%
197 Jacob Murphy DF, MF, FW 26 2 3
25%
370 Jakub Moder DF, MF 12 0 0
25%
303 James McArthur MF 18 0 2
25%
409 James Tomkins DF, MF 8 0 0
25%
414 Jean-Philippe Mateta FW 7 1 0
25%
371 Joe Rodon DF 12 0 0
25%
113 John Egan DF 31 0 1
25%
114 John Fleck MF 31 0 2
25%
416 Jonny Castro DF, MF 7 0 0
25%
257 Kenny Tete DF, MF 22 0 1
25%
389 Kieran Gibbs DF, MF 10 0 0
25%
118 Mason Greenwood MF, FW 31 7 2
25%
350 Mathew Ryan GK 14 0 0
25%
306 Michy Batshuayi FW 18 2 1
25%
373 Mohammed Salisu DF 12 0 0
25%
181 Moussa Djenepo DF, MF, FW 27 1 0
25%
390 Naby Keïta MF, FW 10 0 0
25%
365 Nathaniel Clyne DF 13 0 1
25%
512 Odion Ighalo FW 1 0 0
25%
99 Oliver Norwood MF 32 0 0
25%
269 Oriol Romeu MF 21 1 1
25%
382 Robert Snodgrass MF, FW 11 0 0
25%
419 Robin Olsen GK 7 0 0
25%
329 Sébastien Haller FW 16 3 0
25%
261 Theo Walcott MF, FW 22 3 3
25%
293 Tyrick Mitchell DF, MF 19 1 1
25%
353 Alex Oxlade-Chamberlain MF, FW 13 1 1
17%
263 Alireza Jahanbakhsh MF, FW 21 0 1
17%
63 Andros Townsend MF, FW 34 1 5
17%
464 Anthony Elanga MF, FW 2 1 0
17%
3 Ashley Westwood MF 38 3 3
17%
398 Axel Tuanzebe DF 9 0 0
17%
386 Cédric Soares DF, MF 10 0 1
17%
429 Charlie Austin FW 5 0 0
17%
401 Christian Fuchs DF, MF 9 0 0
17%
207 Conor Townsend DF 25 0 2
17%
368 Daniel Amartey DF, MF 12 1 0
17%
421 DeAndre Yedlin DF, MF 6 0 0
17%
491 Demarai Gray MF, FW 1 0 0
17%
402 Divock Origi MF, FW 9 0 0
17%
376 Filip Krovinović MF 11 0 0
17%
496 Iliman Ndiaye MF 1 0 0
17%
40 Ivan Cavaleiro MF, FW 36 3 0
17%
360 Javier Manquillo DF 13 0 0
17%
388 Joël Matip DF, MF 10 1 2
17%
255 Jóhann Berg Guðmundsson MF, FW 22 2 0
17%
164 John Lundstram MF 28 0 2
17%
403 Juan Mata MF, FW 9 1 2
17%
472 Kostas Tsimikas DF 2 0 0
17%
134 Kyle Bartley DF 30 3 1
17%
348 Luke Thomas DF 14 1 0
17%
508 Martin Kelly DF, MF 1 0 0
17%
364 Marvelous Nakamba MF 13 0 0
17%
443 Michael Hector DF 4 0 0
17%
381 Morgan Gibbs-White MF, FW 11 1 0
17%
149 Nathan Redmond MF, FW 29 2 3
17%
392 Pablo Marí DF 10 0 0
17%
152 Ryan Bertrand DF, MF 29 0 1
17%
517 Sead Kolašinac DF, MF 1 0 0
17%
89 Semi Ajayi DF 33 2 0
17%
291 Serge Aurier DF, MF 19 2 3
17%
294 Vitinha MF 19 0 1
17%
459 Wes Morgan DF 3 0 0
17%
461 William Smallbone MF, FW 3 0 0
17%
446 Adrián GK 3 0 0
8%
343 Ahmed Elmohamady DF, MF 14 0 0
8%
396 Alex Telles DF 9 0 2
8%
295 Andy Carroll FW 18 1 0
8%
427 Billy Gilmour MF 5 0 0
8%
319 Billy Sharp FW 16 3 0
8%
355 Branislav Ivanović DF 13 0 0
8%
465 Caoimhín Kelleher GK 2 0 0
8%
466 Carney Chukwuemeka MF, FW 2 0 0
8%
400 Cengiz Ünder MF, FW 9 0 2
8%
428 Cenk Tosun FW 5 0 0
8%
436 Conor Hourihane MF 4 1 1
8%
437 Daniel Jebbison FW 4 1 0
8%
51 Darnell Furlong DF 35 1 3
8%
413 Davy Pröpper MF 7 0 0
8%
333 Dennis Praet MF, FW 15 1 1
8%
422 Eric García DF 6 0 0
8%
278 Erik Pieters DF, MF 20 0 1
8%
209 Ethan Ampadu DF, MF 25 0 0
8%
407 Fabian Delph DF, MF 8 0 0
8%
438 Fabio Carvalho MF, FW 4 1 0
8%
358 Fernando Marçal DF, MF 13 0 0
8%
280 Gary Cahill DF 20 1 1
8%
281 Grady Diangana MF, FW 20 1 0
8%
287 Hal Robson-Kanu MF, FW 19 2 0
8%
229 Isaac Hayden DF, MF 24 0 0
8%
254 Jeff Hendrick MF, FW 22 2 1
8%
503 João Virgínia GK 1 0 0
8%
504 José Izquierdo MF, FW 1 0 0
8%
336 Josh Maja FW 15 3 0
8%
417 Kepa Arrizabalaga GK 7 0 0
8%
418 Kortney Hause DF 7 1 0
8%
474 Lewis Richardson MF, FW 2 0 0
8%
507 Liam Delap FW 1 0 0
8%
380 Lys Mousset MF, FW 11 0 0
8%
442 Mamadou Sakho DF 4 0 0
8%
475 Marek Rodák GK 2 0 0
8%
168 Mason Holgate DF 28 1 0
8%
304 Matt Ritchie DF, MF, FW 18 0 2
8%
411 Max Lowe DF, MF 8 0 0
8%
307 Nathan Tella MF, FW 18 1 1
8%
432 Neeskens Kebano MF, FW 5 0 0
8%
327 Okay Yokuşlu MF 16 0 1
8%
405 Ozan Kabak DF 9 0 0
8%
328 Pablo Hernández MF, FW 16 0 2
8%
479 Patrick Cutrone FW 2 0 0
8%
338 Paul Dummett DF 15 1 0
8%
393 Phil Jagielka DF, MF 10 0 0
8%
289 Robbie Brady DF, MF, FW 19 1 1
8%
482 Rúben Vinagre DF, MF 2 0 0
8%
515 Rúnar Alex Rúnarsson GK 1 0 0
8%
351 Ryan Fredericks DF, FW 14 1 1
8%
458 Shkodran Mustafi DF 3 0 0
8%
342 Steven Alzate DF, MF 15 1 0
8%
518 Terence Kongolo DF 1 0 0
8%
520 Timothy Fosu-Mensah DF 1 0 0
8%
92 Tosin Adarabioyo DF 33 0 0
8%
317 Willian José FW 17 1 0
8%
523 Willy Caballero GK 1 0 0
8%
524 Zack Steffen GK 1 0 0
8%
309 Aaron Connolly FW 17 2 1
0%
486 Ahmed Hegazi DF 1 0 0
0%
463 Alexandre Jankewitz MF 2 0 0
0%
487 Allan Tchaptchet DF 1 0 0
0%
397 Andi Zeqiri DF, FW 9 0 0
0%
488 Antwoine Hackford DF, FW 1 0 0
0%
434 Bailey Peacock-Farrell GK 4 0 0
0%
104 Ben Godfrey DF 31 0 2
0%
223 Ben Osborn DF, MF 24 1 0
0%
449 Bernardo DF, MF 3 0 0
0%
450 Caleb Watts MF 3 0 0
0%
105 Chris Basham DF, MF 31 0 1
0%
489 Dane Scarlett MF, FW 1 0 0
0%
356 Dan Nlundulu MF, FW 13 0 0
0%
451 Darren Randolph GK 3 0 0
0%
490 David Button GK 1 0 0
0%
452 Denis Odoi DF 3 0 0
0%
297 Dwight Gayle MF, FW 18 1 1
0%
493 Femi Seriki MF 1 0 0
0%
494 Fikayo Tomori DF 1 0 0
0%
469 Gaetano Berardi DF 2 0 0
0%
387 Hamza Choudhury DF, MF #N/B 10 0 0
0%
495 Hannibal Mejbri MF, FW 1 0 0
0%
347 Ian Poveda MF 14 0 0
0%
497 Islam Slimani FW 1 0 0
0%
498 Jack Butland GK 1 0 0
0%
470 Jack O'Connell DF 2 0 0
0%
499 Jaden Philogene Bidace FW 1 0 0
0%
302 Jake Livermore MF 18 0 0
0%
500 Jake Vokins DF 1 0 0
0%
359 Jamie Shackleton DF, MF 13 0 0
0%
423 Japhet Tanganga DF 6 0 0
0%
501 Jayson Molumby MF 1 0 0
0%
502 Jean-Philippe Gbamin MF 1 0 0
0%
453 Jimmy Dunne DF 3 1 0
0%
325 Joe Bryan DF, MF 16 1 0
0%
439 Joel Mumbongo FW 4 0 0
0%
471 John Ruddy GK 2 0 0
0%
440 Jonjoe Kenny DF 4 0 0
0%
424 Josh Benson MF 6 0 0
0%
378 Josh Onomah MF, FW 11 0 0
0%
454 Kamil Grosicki MF, FW 3 0 1
0%
267 Karlan Grant MF, FW 21 1 0
0%
361 Kean Bryan DF 13 1 0
0%
506 Khanya Leshabela MF 1 0 0
0%
372 Ki-Jana Hoever DF, MF 12 0 0
0%
455 Kiko Casilla GK 3 0 0
0%
430 Kyle Edwards MF, FW 5 0 0
0%
441 Lee Peltier DF 4 0 0
0%
476 Maxime Le Marchand DF 2 0 0
0%
326 Mbaye Diagne FW 16 3 2
0%
444 Michael Obafemi FW 4 0 0
0%
404 Morgan Sanson MF 9 0 0
0%
509 Nathan Broadhead FW 1 0 0
0%
511 Niall Huggins DF 1 0 0
0%
478 Niels Nkounkou DF, FW 2 0 0
0%
217 Oliver Burke MF, FW 25 1 1
0%
513 Oskar Buur DF, MF 1 0 0
0%
426 Owen Otasowie MF, FW 6 0 1
0%
456 Percy Tau FW 3 0 1
0%
445 Phil Bardsley DF 4 0 0
0%
514 Reda Khadra MF 1 0 0
0%
481 Rekeem Harper MF 2 0 0
0%
183 Rhian Brewster MF, FW 27 0 0
0%
290 Romaine Sawyers MF 19 0 0
0%
457 Sam Field MF 3 0 0
0%
516 Scott Carson GK 1 0 0
0%
341 Scott Dann DF 15 1 0
0%
483 Shola Shoretire MF, FW 2 0 0
0%
484 Sidnei Tavares MF 2 0 0
0%
519 Theo Corbeanu FW 1 0 0
0%
521 Tyrese Francois DF, FW 1 0 0
0%
460 Wesley Moraes FW 3 0 0
0%
522 Will Fish FW 1 0 0
0%
485 Will Norris GK 2 0 0
0%
462 Yan Valery DF 3 0 0
0%
No matching quizzes found
Score Distribution
Percent of People with Each Score
Percentile by Number Answered
Your Score History
You have not taken this quiz